|
|
|
|
| LEADER |
00000naa2a2200000 4500 |
| 001 |
624591 |
| 005 |
20231101133324.0 |
| 035 |
|
|
|a (RuTPU)RU\TPU\conf\23851
|
| 035 |
|
|
|a RU\TPU\conf\23849
|
| 090 |
|
|
|a 624591
|
| 100 |
|
|
|a 20171124d2017 k y0rusy50 ca
|
| 101 |
0 |
|
|a rus
|
| 102 |
|
|
|a RU
|
| 105 |
|
|
|a y z 100zy
|
| 135 |
|
|
|a drgn ---uucaa
|
| 181 |
|
0 |
|a i
|
| 182 |
|
0 |
|a b
|
| 200 |
1 |
|
|a Доманиковые отложения Татарстана как нетрадиционные источники углеводородов
|f М. Р. Фаткулин
|g науч. рук. В. М. Смелков, В. П. Морозов
|
| 203 |
|
|
|a Текст
|c электронный
|
| 225 |
1 |
|
|a Геология нефти и газа. Современные методы поисков и разведки углеводородного сырья
|
| 230 |
|
|
|a 1 компьютерный файл (pdf; 289 Kb)
|
| 300 |
|
|
|a Заглавие с экрана
|
| 320 |
|
|
|a [Библиогр.: с. 331 (3 назв.)]
|
| 461 |
|
1 |
|0 (RuTPU)RU\TPU\conf\21932
|t Проблемы геологии и освоения недр
|o труды XXI Международного симпозиума имени академика М. А. Усова студентов и молодых ученых, посвященного 130-летию со дня рождения профессора М. И. Кучина, Томск, 3-7 апреля 2017 г.
|o в 2 т.
|f Национальный исследовательский Томский политехнический университет (ТПУ), Институт природных ресурсов (ИПР) ; под ред. А. С. Боева
|d 2017
|
| 463 |
|
1 |
|0 (RuTPU)RU\TPU\conf\21936
|t Т. 1
|v [С. 330-331]
|d 2017
|
| 610 |
1 |
|
|a электронный ресурс
|
| 610 |
1 |
|
|a доманиковые отложения
|
| 610 |
1 |
|
|a Татарстан
|
| 610 |
1 |
|
|a нетрадиционные источники
|
| 610 |
1 |
|
|a запасы
|
| 610 |
1 |
|
|a нефти
|
| 610 |
1 |
|
|a углеводороды
|
| 610 |
1 |
|
|a семилукский горизонт
|
| 700 |
|
1 |
|a Фаткулин
|b М. Р.
|
| 702 |
|
1 |
|a Смелков
|b В. М.
|4 727
|
| 702 |
|
1 |
|a Морозов
|b В. П.
|4 727
|
| 712 |
0 |
2 |
|a Казанский (Приволжский) федеральный университет (КФУ)
|c (2010- )
|2 stltpush
|3 (RuTPU)RU\TPU\col\17956
|
| 801 |
|
2 |
|a RU
|b 63413507
|c 20171201
|g RCR
|
| 856 |
4 |
|
|u http://earchive.tpu.ru/handle/11683/44242
|
| 942 |
|
|
|c BK
|